LEADER 01203cam0-22003731i-450- 001 990005301330403321 005 20061031153653.0 035 $a000530133 035 $aFED01000530133 035 $a(Aleph)000530133FED01 035 $a000530133 100 $a19990604g19759999km-y0itay50------ba 101 0 $alat$amul 102 $aIT 105 $ay-------001yy 200 1 $aElenchus bibliographicus biblicus$fPetro Nober 210 $aRome$cPontificio instituto biblico$d1975- 215 $av.$d25 cm 300 $aSi posseggono i volumi del N. 56/I (1975) al N.60 (1979) 610 0 $aBibbia$aBibliografie 676 $a016.22$v21$zita 702 1$aNober,$bPetrus 801 0$aIT$bUNINA$gRICA$2UNIMARC 901 $aBK 912 $a990005301330403321 952 $a016.22 EBB 1 (60)$bST.REL. 1993$fFLFBC 952 $a016.22 EBB 1 (56.1)$bST.REL. 1778 a$fFLFBC 952 $a016.22 EBB 1 (58-59) B$bST.REL. 1780 b$fFLFBC 952 $a016.22 EBB 1 (56.2)$bST.REL. 1778 b$fFLFBC 952 $a016.22 EBB1 (58-59 ) A$bST.REL. 1780 a$fFLFBC 952 $a016.22 EBB 1 (57)$bST.REL. 1779$fFLFBC 959 $aFLFBC 996 $aElenchus bibliographicus biblicus$9537074 997 $aUNINA LEADER 03968oam 2200637I 450 001 9910783438303321 005 20230617004517.0 010 $a1-134-45475-9 010 $a1-134-45476-7 010 $a0-415-28379-5 010 $a1-280-07746-8 010 $a0-203-50003-2 024 7 $a10.4324/9780203500033 035 $a(CKB)1000000000239153 035 $a(StDuBDS)AH3712749 035 $a(SSID)ssj0000312789 035 $a(PQKBManifestationID)11211948 035 $a(PQKBTitleCode)TC0000312789 035 $a(PQKBWorkID)10332062 035 $a(PQKB)10878226 035 $a(MiAaPQ)EBC182374 035 $a(Au-PeEL)EBL182374 035 $a(CaPaEBR)ebr10093913 035 $a(CaONFJC)MIL7746 035 $a(OCoLC)647394952 035 $a(OCoLC)56341823 035 $a(EXLCZ)991000000000239153 100 $a20180706d2004 uy 0 101 0 $aeng 135 $aur||||||||||| 181 $ctxt 182 $cc 183 $acr 200 10$aVirtual theatres $ean introduction /$fGabriella Giannachi 210 1$aLondon ;$aNew York :$cRoutledge,$d2004. 215 $a1 online resource (x, 174 p. ) $cill 300 $aBibliographic Level Mode of Issuance: Monograph 311 $a0-415-28378-7 311 $a0-203-59982-9 320 $aIncludes bibliographical references (p. 161-168) and index. 327 $aHypertextualities -- Cyborg theatre -- The [re-]creation of nature -- Performing thorough the hypersurface -- Towards an aesthetic of virtual reality. 330 $aGiannachi offers an investigation of the interface between theatre performance & digital arts, investigating the aesthetic concerns of current computer arts practices & showing how they radically question our conventional uses & definitions of time, space, place, character, identity & realness. 330 $bThe first full-length book of its kind to offer an investigation of the interface between theatre, performance and digital arts, Virtual Theatres presents the theatre of the twenty-first century in which everything - even the viewer - can be simulated. In this fascinating volume, Gabriella Giannachi analyzes the aesthetic concerns of current computer-arts practices through discussion of a variety of artists and performers including: * blast Theory * Merce Cunningham * Eduardo Kac * forced entertainment * Lynn Hershman * Jodi Orlan * Guillermo GOmez-PeTha * Marcel-lL AntDnez Roca * Jeffrey Shaw * Stelarc. Virtual Theatres not only allows for a reinterpretation of what is possible in the world of performance practice, but also demonstrates how 'virtuality' has come to represent a major parameter for our understanding and experience of contemporary art and life. The first full-length book of its kind to offer an investigation of the interface between theatre, performance and digital arts, Virtual Theatres presents the theatre of the twenty-first century in which everything - even the viewer - can be simulated. In this fascinating volume, Gabriella Giannachi analyzes the aesthetic concerns of current computer-arts practices through discussion of a variety of artists and performers including: * blast Theory * Merce Cunningham * Eduardo Kac * forced entertainment * Lynn Hershman * Jodi Orlan * Guillermo GOmez-PeTha * Marcel-lL AntDnez Roca * Jeffrey Shaw * Stelarc. Virtual Theatres not only allows for a reinterpretation of what is possible in the world of performance practice, but also demonstrates how 'virtuality' has come to represent a major parameter for our understanding and experience of contemporary art and life. 606 $aExperimental theater 606 $aVirtual reality 615 0$aExperimental theater. 615 0$aVirtual reality. 676 $a792.02/2 700 $aGiannachi$b Gabriella.$0783245 801 0$bMiAaPQ 801 1$bMiAaPQ 801 2$bMiAaPQ 906 $aBOOK 912 $a9910783438303321 996 $aVirtual theatres$93698871 997 $aUNINA